000 00589nam a22001817a 4500
999 _c175096
_d175096
005 20200807105910.0
010 _aENG-128319
020 _c685.00
_a9789352838417
035 _aEN-111851
037 _bDBAD/PUB
082 _a657
100 _aWason,V
245 _aISC Accountancy Including Project Work/
_cby V.Wason ,Pankhuri Wason
260 _aNew Delhi
_bS.Chand
_c2020
270 _aHead Office:7361,Ram Nagar,Qutab Rord
_bNew Delhi
_e110055
_k23672080
_l91-11-23677446
_minfo@schandpublishing.com
300 _axiv;968p.
_c24cm(pbk)
942 _2ddc
_cEN
_h657
_mWAS